000 00877nam a2200265Ia 4500
999 _c35066
_d35066
003 GCL
005 20240530102856.0
008 140319s9999 xx 000 0 ara d
040 _aGCL /
_cGCL
082 0 4 _a953.03
_bم ت
100 1 _aمحمد الخضرى
245 1 0 _aتاريخ الامم الاسلامية :
_bالدولة الاموية /
_cمحمد الخضرى
250 _aط.1
260 _aبيروت :
_bدار الفكر اللبنانى ،
_c1994
300 _a358 ص ؛
_c24 سم
490 _aتاريخ الامم الاسلامية
_v0
650 0 4 _aالعالم العربى
650 0 4 _aتاريخ
650 0 4 _aالفتوحات الاسلامية
650 0 4 _aالتاريخ الاسلامى
650 0 4 _aالدولة الاموية
650 0 4 _aالحضارة الاسلامية
700 1 _aاحمد حطيط
942 _2ddc
_cBK